Loading...
| Literature - European Literature | 0 | 3 | 0 | 1 | 30 | 103 | 118.33 | 1 | 3 |
| Literature - American Literature | 1 | 1 | 0 | 1 | 25 | 47 | 88.00 | 0 | 2 |
| Fine Arts - Other Fine Arts | 0 | 2 | 0 | 2 | 20 | 126 | 130.50 | 0 | 2 |
| Science - Physics | 0 | 2 | 0 | 1 | 20 | 100 | 115.00 | 0 | 2 |
| Religion | 0 | 1 | 0 | 1 | 10 | 120 | 120.00 | 0 | 1 |
| Mythology | 0 | 1 | 0 | 1 | 10 | 147 | 147.00 | 0 | 1 |
| Science - Chemistry | 0 | 1 | 0 | 0 | 10 | 88 | 88.00 | 0 | 0 |
| History - Other History | 0 | 1 | 0 | 0 | 10 | 85 | 85.00 | 0 | 1 |
| Fine Arts - Visual Fine Arts | 0 | 1 | 0 | 0 | 10 | 130 | 130.00 | 0 | 1 |
| Science - Other Science | 0 | 1 | 1 | 1 | 5 | 132 | 132.00 | 0 | 1 |
| Other Academic | 0 | 0 | 1 | 0 | -5 | 0.00 | 0 | 0 |